000 01101cam a2200361 a 4500
001 4077
003 FISKH
005 20240605142751.0
008 040507s2005 paua b 000 1 eng
010 _a 2004010780
020 _a1590782860 (alk. paper)
040 _aDLC
_cDLC
_dDLC
_beng
042 _alcac
050 0 0 _aPZ7.B6234
_bSp 2005
082 0 0 _a813.6
_222
100 1 _aBloom, Suzanne,
_d1950-
245 1 2 _aA splendid friend, indeed /
_cSuzanne Bloom.
250 _aFirst Scholastic printing, February 2006
260 _aNew York :
_bScholastic,
_c2005
300 _a30 unnumbered pages :
_bcolor illustrations ;
_c28 cm
505 _aC
520 _aWhen a studious polar bear meets an inquisitive goose, they learn to be friends.
521 8 _a150
_bLexile
521 8 _aC
_bRaz-Plus
650 1 _aFriendship
_vFiction.
650 1 _aIndividuality
_vFiction.
650 1 _aGeese
_vFiction.
650 1 _aPolar bears
_vFiction.
650 1 _aBears
_vFiction.
906 _a7
_bcbc
_corignew
_d1
_eecip
_f20
_gy-gencatlg
942 _2ddc
_cBK
_n0
999 _c4077
_d4077